The Thomas Partnership (Record no. 119730)
[ view plain ]
| 000 -LEADER | |
|---|---|
| fixed length control field | 00924cam a2200205 4500 |
| 001 - CONTROL NUMBER | |
| control field | WS109705 |
| 008 - FIXED-LENGTH DATA ELEMENTS--GENERAL INFORMATION | |
| fixed length control field | 000000n 000 0 eng u |
| 035 ## - SYSTEM CONTROL NUMBER | |
| System control number | (Sirsi) u109705 |
| 110 ## - MAIN ENTRY--CORPORATE NAME | |
| Corporate name or jurisdiction name as entry element | The Thomas Partnership |
| 9 (RLIN) | 3978 |
| 245 #4 - TITLE STATEMENT | |
| Title | The Thomas Partnership |
| 520 ## - SUMMARY, ETC. | |
| Summary, etc. | Web site for this firm of surveyors who specialise in advice to landowners in relation to advertising hoardings and displays. Includes a glossary of terms, a page of frequently asked questions, and an article on the Town and Country Planning (Control of Advertisements) regulations 1992. |
| 650 ## - SUBJECT ADDED ENTRY--TOPICAL TERM | |
| Topical term or geographic name entry element | ADVERTISING HOARDINGS |
| 650 ## - SUBJECT ADDED ENTRY--TOPICAL TERM | |
| Topical term or geographic name entry element | TOWN AND COUNTRY PLANNING (CONTROL OF ADVERTISEMENTS) REGULATIONS 1992 |
| 650 ## - SUBJECT ADDED ENTRY--TOPICAL TERM | |
| Topical term or geographic name entry element | GLOSSARY |
| 650 ## - SUBJECT ADDED ENTRY--TOPICAL TERM | |
| Topical term or geographic name entry element | DEEMED CONSENT |
| 650 ## - SUBJECT ADDED ENTRY--TOPICAL TERM | |
| Topical term or geographic name entry element | Valuation |
| 9 (RLIN) | 6273 |
| 690 ## - LOCAL SUBJECT ADDED ENTRY--TOPICAL TERM (OCLC, RLIN) | |
| Topical term or geographic name as entry element | PROPERTY |
| 856 40 - ELECTRONIC LOCATION AND ACCESS | |
| Uniform Resource Identifier | <a href="https://www.thethomaspartnership.com">https://www.thethomaspartnership.com</a> |
| Public note | View the website free of charge at www.thethomaspartnership.com... |
| 942 ## - ADDED ENTRY ELEMENTS (KOHA) | |
| Suppress in OPAC | 0 |
| Withdrawn status | Lost status | Source of classification or shelving scheme | Damaged status | Not for loan | Home library | Current library | Shelving location | Date acquired | Total Checkouts | Full call number | Barcode | Date last seen | Copy number | Price effective from | Koha item type |
|---|---|---|---|---|---|---|---|---|---|---|---|---|---|---|---|
| Dewey Decimal Classification | Virtual | Virtual | Online | 04/12/2000 | WEB SITE | 109705-2001 | 06/08/2019 | 1 | 06/08/2019 | Online material |